Красота (Запись № 9679306)

Подробности
000 -МАРКЕР
контрольное поле 02925nam0a22004691 4500
001 - ИДЕНТИФИКАТОР ЗАПИСИ
контрольное поле RU\NLR\A1\12730
005 - ИДЕНТИФИКАТОР ВЕРСИИ
контрольное поле 20260409064838.0
035 ## - ДРУГИЕ СИСТЕМНЫЕ НОМЕРА
Идентификатор записи (NLR Aleph) 009675174
100 ## - ДАННЫЕ ОБЩЕЙ ОБРАБОТКИ
Данные общей обработки 19971024d1782 m y0rusy50 ca
101 1# - ЯЗЫК РЕСУРСА
Язык текста, звукозаписи и т.д. русский
Язык оригинала французский
102 ## - СТРАНА ПУБЛИКАЦИИ ИЛИ ПРОИЗВОДСТВА
Страна публикации российская федерация
135 ## - ПОЛЕ КОДИРОВАННЫХ ДАННЫХ: ЭЛЕКТРОННЫЕ РЕСУРСЫ
Кодированные данные для электронного ресурса crcn 024anaba
140 ## - ПОЛЕ КОДИРОВАННЫХ ДАННЫХ: СТАРОПЕЧАТНЫЕ ИЗДАНИЯ - ОБЩАЯ ИНФОРМАЦИЯ
Кодированные данные о старопечатном издании - Основные y y eayaa0000
200 1# - ЗАГЛАВИЕ И СВЕДЕНИЯ ОБ ОТВЕТСТВЕННОСТИ
Основное заглавие Красота
Сведения, относящиеся к заглавию Сказка
-- переведена с французскаго
210 ## - ПУБЛИКАЦИЯ, РАСПРОСТРАНЕНИЕ И ДР.
Место издания, распространения и т.д. В Санктпетербурге
Имя издателя, распространителя и т. д. в типографии Императорскаго Сухопутнаго шляхетнаго кадетскаго корпуса
Дата издания, распространения и т.д. 1782
215 ## - ФИЗИЧЕСКАЯ ХАРАКТЕРИСТИКА
Специфическое обозначение материала и объем [6], 80 с.
Размеры
300 ## - ОБЩИЕ ПРИМЕЧАНИЯ
Текст примечания Посвящ. авт. Е.А.Вяземской на с.[3-6]
316 ## - ПРИМЕЧАНИЯ ОБ ОСОБЕННОСТЯХ ЭКЗЕМПЛЯРА
Текст примечания Экз. РНБ (18.241.3.10) в сост. картон. пер., обтянутом мрамор. бумагой, с коленкоровыми коричневыми корешком и уголками. На нижней крышке пер. экслибрис рус. фонда ГПБ с шифром. Корешок гладкий. На корешке крас. кожаная наклейка, на которой золотом вытиснено: "Красота.1782". Обрез крапчатый крас. На форзаце ярлык с шифром РНБ. Сохранена старая обл. из синей бумаги. На 1-й с. обл. ярлык с шифром РНБ. На с.80 круглый штамп ГПБ и техн. пометы. По всему кн. блоку потеки. Размер: 19,5х12,0х1,4 см
Организация и экземпляр, к которому относится поле NLR: 18.241.3.10
321 1# - ПРИМЕЧАНИЯ ОБ ОТДЕЛЬНО ИЗДАННЫХ УКАЗАТЕЛЯХ / РЕФЕРАТАХ / ССЫЛКАХ, ОТРАЖАЮЩИХ КАТАЛОГИЗИРУЕМЫЙ ДОКУМЕНТ
Примечания об указателях, рефератах, ссылках СК XVIII 4607
325 ## - ПРИМЕЧАНИЕ О КОПИИ
Текст примечания Копия доступна в Электрон. б-ке РНБ
620 ## - МЕСТО И ДАТА ПУБЛИКАЦИИ, ИСПОЛНЕНИЯ И Т. Д.
Город Санкт-Петербург
700 #1 - ИМЯ ЛИЦА - ПЕРВИЧНАЯ ОТВЕТСТВЕННОСТЬ
Код отношения Автор
Материалы, к которым относится поле rus
Графика поля Кириллица
Начальный элемент ввода Николаи
Часть имени, кроме начального элемента ввода А. Л.
Даты 1737-1820
Расширение инициалов личного имени Андрей Львович
Идентификатор авторитетной/нормативной записи RU\NLR\AUTH\77104301
Системный номер авторитетной/нормативной записи 87226
702 #1 - ИМЯ ЛИЦА - ВТОРИЧНАЯ ОТВЕТСТВЕННОСТЬ
Начальный элемент ввода Вяземская
Часть имени, кроме начального элемента ввода Е.А.
Дополнения к именам, кроме дат княжна
Расширение инициалов личного имени Екатерина Александровна
Код отношения Объект посвящения
712 02 - НАИМЕНОВАНИЕ ОРГАНИЗАЦИИ - ВТОРИЧНАЯ ОТВЕТСТВЕННОСТЬ
Код отношения Печатник (типограф)
Начальный элемент ввода Сухопутный шляхетный кадетский корпус
Идентифицирующий признак Петербург
Структурное подразделение Типография
Идентификатор авторитетной/нормативной записи RU\NLR\AUTH\880627501
Системный номер авторитетной/нормативной записи 2659869
801 #0 - ИСТОЧНИК ЗАПИСИ
Страна российская федерация
Организация NLR
Дата составления 19971024
852 ## - МЕСТОНАХОЖДЕНИЕ И ШИФР ХРАНЕНИЯ
Идентификатор организации NLR
Шифр хранения (Call Number) 18.241.3.10
856 #0 - МЕСТОНАХОЖДЕНИЕ ЭЛЕКТРОННЫХ РЕСУРОВ И ДОСТУП К НИМ
Универсальный идентификатор ресурса (Uniform Resource Identifier) http://vivaldi.nlr.ru/bx000017888/view
856 #1 - МЕСТОНАХОЖДЕНИЕ ЭЛЕКТРОННЫХ РЕСУРОВ И ДОСТУП К НИМ
Универсальный идентификатор ресурса (Uniform Resource Identifier) http://vivaldi.nlr.ru/bx000017888/cover
856 #2 - МЕСТОНАХОЖДЕНИЕ ЭЛЕКТРОННЫХ РЕСУРОВ И ДОСТУП К НИМ
Универсальный идентификатор ресурса (Uniform Resource Identifier) http://vivaldi.nlr.ru/bx000017888/text
899 ## - ДАННЫЕ О МЕСТОНАХОЖДЕНИИ (устаревшее)
Местонахождение РГБ
899 ## - ДАННЫЕ О МЕСТОНАХОЖДЕНИИ (устаревшее)
Местонахождение БАН
942 ## - ДОПОЛНИТЕЛЬНЫЕ ЭЛЕМЕНТЫ ЗАПИСИ (АБИС)
Тип экземпляра АБИС Книга
980 ## - КОЛЛЕКЦИЯ
Название коллекции Национальная библиография
980 3# - КОЛЛЕКЦИЯ
Название коллекции КП2019 Русская книга гражданского шрифта 18 - начала 19в.
980 3# - КОЛЛЕКЦИЯ
Название коллекции Книжные памятники РНБ
980 ## - КОЛЛЕКЦИЯ
Название коллекции Русская книга гражданской печати XVIII в. в библиотеках РФ
981 20 - КОЛЛЕКЦИЯ ЭЛЕКТРОННОЙ БИБЛИОТЕКИ
Название коллекции Книжные памятники РНБ
Название подколлекции Русский книжный фонд
Экземпляры
Тип экземпляра Дата поступления Библиотека постоянного хранения Библиотека текущего хранения Место хранения Шифр хранения Штрих-код Статус не для выдачи
Книга 13.05.2016 РНБ (Садовая) РНБ (Садовая) Русский книжный фонд -Главное здание, Ленинский читальный зал 18.241.3.10 9675174-10